UBT Library

Veterinary drug handbook / (Record no. 43538)

000 -LEADER
fixed length control field 00790pam a2200241 a 4500
001 - CONTROL NUMBER
control field 4434705
005 - DATE AND TIME OF LATEST TRANSACTION
control field 20180227033347.0
008 - FIXED-LENGTH DATA ELEMENTS--GENERAL INFORMATION
fixed length control field 941006s1995 iau bf s001 0 eng
010 ## - LIBRARY OF CONGRESS CONTROL NUMBER
LC control number 94038603
020 ## - INTERNATIONAL STANDARD BOOK NUMBER
International Standard Book Number 0813824435 (softcover) :
Terms of availability $44.95
020 ## - INTERNATIONAL STANDARD BOOK NUMBER
International Standard Book Number 0813823528 (pocket edition)
040 ## - CATALOGING SOURCE
Original cataloging agency DLC
Transcribing agency DLC
Modifying agency DLC
041 ## - LANGUAGE CODE
Language code of text/sound track or separate title eng
080 ## - UNIVERSAL DECIMAL CLASSIFICATION NUMBER
Universal Decimal Classification number 636.089
082 00 - DEWEY DECIMAL CLASSIFICATION NUMBER
Classification number 636.089 PLU
Edition number 20
100 1# - Rafti
Rafti 5
101 ## - Shkurtesa
Shkurtesa SHF
245 10 - TITLE STATEMENT
Title Veterinary drug handbook /
Statement of responsibility, etc Donald C. Plumb.
504 ## - BIBLIOGRAPHY, ETC. NOTE
Bibliography, etc Includes bibliographical references (p. 682-710) and index.
906 ## - LOCAL DATA ELEMENT F, LDF (RLIN)
a 7
b cbc
c orignew
d 1
e ocip
f 19
g y-gencatlg
942 ## - ADDED ENTRY ELEMENTS (KOHA)
Source of classification or shelving scheme
Item type Books
Holdings
Withdrawn status Lost status Source of classification or shelving scheme Damaged status Not for loan Collection code Permanent location Current location Shelving location Date acquired Total Checkouts Full call number Barcode Date last seen Price effective from Koha item type
          Koleksioni i përgjithshem UBT - Lipjan UBT - Lipjan Koleksioni i lëndeve mesimore 02/27/2018   636.089 PLU 002-3000176 02/27/2018 02/27/2018 Books
UBT Library © 2015-2024. All rights reserved University Education for Business and Technology